| 000 | 00652nam a22001817a 4500 | ||
|---|---|---|---|
| 999 |
_c193228 _d193228 |
||
| 005 | 20221020162246.0 | ||
| 010 | _aENG-135458 | ||
| 020 |
_a9789390569878 _c175.00 |
||
| 035 | _aEN-118990 | ||
| 037 | _bDBAD/PUB | ||
| 082 | _a269.2095433 | ||
| 100 | _ababuraj, m. | ||
| 245 |
_aMissionary recruitment training and development; _ban appraisal of the mission work of csi-south kerala diocese/ _cby m. baburaj |
||
| 260 |
_aDelhi _bISPCK _c2021 |
||
| 270 |
_a1585,1654,madarsa road, kashmere gate _b Delhi _e110006 _k011-23866323 _mashish@ispck.org.in |
||
| 300 |
_a129p. _c22cm(pbk) _bbibliography |
||
| 942 |
_2ddc _cEN _mBAB _h269.2095433 |
||